• 首页
  • 本馆介绍
  • 公告通知
  • 最新文献
  • 馆藏检索
  • 电子资源
  • 读者导购
  • 参考咨询
  • 我的图书馆
  • 登录
  • 详细信息显示
  • 放入我的书架
  • 预约/预借图书
  • 作者相关作品
  • 分类相关作品
  • 丛书相关作品
  • 出版社相关作品

书目信息

  • 表格格式
  • 工作单格式
  • 卡片格式
题名:
智慧敦煌
    
 
作者: 胡同庆 , 王义芝 著
分册:  
出版信息: 北京   中国旅游出版社  2015.06
页数: 224页
开本: 23cm
丛书名:
单 册:
中图分类: K870.64 , K870.6
科图分类:
主题词: 敦煌学--dun huang xue--文集
电子资源:
ISBN: 978-7-5032-5348-5
000 01018nam0 2200265 450
001 2330031405
005 20231127082112.13
010    @a978-7-5032-5348-5@dCNY78.00
100    @a20150713d2015 em y0chiy50 ea
101 0  @achi
102    @aCN@b110000
105    @aa a 000yy
200 1  @a智慧敦煌@Azhi hui dun huang@e揭秘敦煌壁画中古人生活智慧@f胡同庆, 王义芝著
210    @a北京@c中国旅游出版社@d2015.06
215    @a224页@c彩图@d23cm
320    @a有书目 (第223-224页)
330    @a本书分为十章, 主要内容包括: 明确的生活目标 ; 良好的生活习俗 ; 有益的娱乐活动 ; 不同需求的服饰 ; 生命在于运动 ; 文学: 生活的精神食粮 ; 积极的诊病治病 ; 因时制宜的生产技术 ; 边防措施与军事装备等。
517 1  @a揭秘敦煌壁画中古人生活智慧@Ajie mi dun huang bi hua zhong gu ren sheng huo zhi hui
606 0  @a敦煌学@Adun huang xue@j文集
690    @aK870.64@v5
690    @aK870.6@v4
701  0 @a胡同庆@Ahu tong qing@4著
701  0 @a王义芝@Awang yi zhi@4著
801  0 @aCN@b人天书店@c20150713
905    @aBZT@dK870.6@e6
    
    智慧敦煌:揭秘敦煌壁画中古人生活智慧/胡同庆, 王义芝著.-北京:中国旅游出版社,2015.06
    224页:彩图;23cm
    
    
    ISBN 978-7-5032-5348-5:CNY78.00
    本书分为十章, 主要内容包括: 明确的生活目标 ; 良好的生活习俗 ; 有益的娱乐活动 ; 不同需求的服饰 ; 生命在于运动 ; 文学: 生活的精神食粮 ; 积极的诊病治病 ; 因时制宜的生产技术 ; 边防措施与军事装备等。
●
相关链接 在五车中查询图书 在当当中查询图书 在豆瓣中查询图书


正题名:智慧敦煌     索取号:K870.6/6         预约/预借

序号 登录号 条形码 馆藏地/架位号 状态 备注
1 2001100947   2001100947   东辅楼二楼书库/ [索取号:K870.6/6] 在馆    
2 2001100948   2001100948   东辅楼二楼书库/ [索取号:K870.6/6] 在馆    
3 2001100949   2001100949   东辅楼二楼书库/ [索取号:K870.6/6] 在馆    
4 2001100950   2001100950   东辅楼二楼书库/ [索取号:K870.6/6] 在馆    
5 2001100951   2001100951   东辅楼二楼书库/ [索取号:K870.6/6] 在馆    
6 2001100952   2001100952   东辅楼二楼书库/ [索取号:K870.6/6] 在馆    
7 2001100953   2001100953   东辅楼二楼书库/ [索取号:K870.6/6] 在馆    
8 2001100954   2001100954   东辅楼二楼书库/ [索取号:K870.6/6] 在馆    
9 2001100955   2001100955   东辅楼二楼书库/ [索取号:K870.6/6] 在馆    
10 2001100956   2001100956   东辅楼二楼书库/ [索取号:K870.6/6] 在馆    
11 2001100957   2001100957   东辅楼二楼书库/ [索取号:K870.6/6] 在馆    
12 2001100958   2001100958   东辅楼二楼书库/ [索取号:K870.6/6] 在馆    
13 2001100959   2001100959   东辅楼二楼书库/ [索取号:K870.6/6] 在馆    
14 2001100960   2001100960   东辅楼二楼书库/ [索取号:K870.6/6] 在馆    
15 2001100961   2001100961   东辅楼二楼书库/ [索取号:K870.6/6] 在馆    
16 2001100962   2001100962   东辅楼二楼书库/ [索取号:K870.6/6] 在馆    
17 2001100963   2001100963   东辅楼二楼书库/ [索取号:K870.6/6] 在馆    
18 2001100964   2001100964   东辅楼二楼书库/ [索取号:K870.6/6] 在馆    
19 2001100965   2001100965   东辅楼二楼书库/ [索取号:K870.6/6] 在馆    
20 2001100966   2001100966   东辅楼二楼书库/ [索取号:K870.6/6] 在馆    
21 2001100967   2001100967   东辅楼二楼书库/ [索取号:K870.6/6] 在馆    
22 2001100968   2001100968   东辅楼二楼书库/ [索取号:K870.6/6] 在馆    
23 2001100969   2001100969   东辅楼二楼书库/ [索取号:K870.6/6] 在馆    
24 2001100970   2001100970   东辅楼二楼书库/ [索取号:K870.6/6] 在馆    
25 2001100971   2001100971   东辅楼二楼书库/ [索取号:K870.6/6] 在馆    
26 2001100972   2001100972   东辅楼二楼书库/ [索取号:K870.6/6] 在馆    
27 2001100973   2001100973   东辅楼二楼书库/ [索取号:K870.6/6] 在馆    
28 2001100974   2001100974   东辅楼二楼书库/ [索取号:K870.6/6] 在馆    
29 2001100975   2001100975   东辅楼二楼书库/ [索取号:K870.6/6] 在馆    
30 2001100976   2001100976   东辅楼二楼书库/ [索取号:K870.6/6] 在馆    
山东省滨州职业学院图书馆 欢迎您!
大连网信软件有限公司© 版权所有